| 000 | 00411nam a22001697a 4500 | ||
|---|---|---|---|
| 003 | SGT | ||
| 020 | _a9783319806495 | ||
| 082 |
_a616.31 _bC17B |
||
| 100 | _aBruch, Jean M. | ||
| 245 | _aClinical Oral Medicine and Pathology | ||
| 250 | _a2nd | ||
| 260 |
_bSpringer _c2017 |
||
| 300 | _a207 | ||
| 650 | _aOral Medicine and Pathology | ||
| 653 | _aOral Medicine; Pathology; Oral Pathology | ||
| 942 |
_2ddc _cBK |
||
| 999 |
_c22836 _d22836 |
||